000 00328nam a2200145Ia 4500
008 240624s9999 xx 000 0 und d
041 _aeng
082 _a920 TEZ
100 _aTEZUKA OSAMU
245 _aBUDDHA
260 _c2006
_aNew Delhi
_bHarperCollins
300 _a400 : p. : cm. ; 20
365 _cRS
_b25
440 _v3
999 _c18810
_d18810